Easier 'C' Images Quiz Stats

 Plays Quiz Updated Aug 6, 2015

Challenge
Share
Tweet
Score 0/20 Timer 02:00
1 Play Today
% Correct
carrots
99.4%
candle
99.4%
cactus
99.2%
chain
99.1%
chess
99.1%
castle
98.9%
cloud
98.8%
cookie
98.5%
corn
98.4%
crab
98%
% Correct
cape
98%
cigar
97.7%
crayons
97.5%
chimney
97.4%
coin
96.6%
coconut
96%
calves
95.8%
comet
93.1%
claw
87.2%
cub
86.6%

You're not logged in!

Compare scores with friends on all Sporcle quizzes.
Join for Free
OR
Log In

You Might Also Like...

Show Comments

Extras

Top Quizzes Today


Score Distribution

Your Account Isn't Verified!

In order to create a playlist on Sporcle, you need to verify the email address you used during registration. Go to your Sporcle Settings to finish the process.

Report this User

Report this user for behavior that violates our Community Guidelines.

Details: